ARRUPE JESUIT UNIVERSITY

CORONAVIRUS -STOP THE SPREAD - CLEAN,DISINFECT,COVER
Normal view MARC view

Entry Personal Name

Number of records used in: 1

001 - CONTROL NUMBER

  • control field: 26381

003 - CONTROL NUMBER IDENTIFIER

  • control field: ARRUPE

005 - DATE AND TIME OF LATEST TRANSACTION

  • control field: 20161004092026.0

008 - FIXED-LENGTH DATA ELEMENTS

  • fixed length control field: 161004|| aca||aabn | a|a d

040 ## - CATALOGING SOURCE

  • Original cataloging agency: ARRUPE
  • Transcribing agency: ARRUPE

100 ## - HEADING--PERSONAL NAME

  • Personal name: Owens, Joseph,
  • Relator term: editor,
  • Relator term: translator.

670 ## - SOURCE DATA FOUND

  • Source citation: Work cat.: (ARRUPE)0: Romero, Óscar A. (Óscar Arnulfo), 1917-1980, author. 4771, A prophetic bishop speaks to his people :, 2015

 

Arrupe Library. PO Box MP320 Mt Pleasant, Harare, Zimbabwe
263 242 745411|librarian@aju.ac.zw